| 000 | 00423nam a2200169Ia 4500 | ||
|---|---|---|---|
| 008 | 221030s9999 xx 000 0 und d | ||
| 020 | _a8120314654 | ||
| 041 | _aEnglish | ||
| 082 |
_a105.23 _bHan |
||
| 100 | _aG. W. Hansen | ||
| 245 | 0 |
_aDatabase Management & Design _cby G. W. Hansen, J. V. Hansen |
|
| 260 |
_bPHI _aNew Delhi _c1999 |
||
| 300 | _a582 | ||
| 650 | _aBE Computer | ||
| 700 | _aJ. V. Hansen | ||
| 942 | _cBK | ||
| 999 |
_c5509 _d5509 |
||